000 00717nam a2200253Ia 4500
003 OSt
005 20220925225530.0
006 a|||||r|||| 00| 0
007 ta
008 220923b |||||||| |||| 00| 0 eng d
037 _cGeneral Book
040 _aRTL
_cRTL
_beng
041 _2eng
_aeng
082 _aU5, M0/TD
100 _aGottmann Jean Ed.
_9292613
245 0 _aCentre and periphery
_b Spatial variation in politic
260 _aLondon
_bSage Publications UK
_c1980
300 _a226p
_ccm.
490 _aSage focus editions.19
500 _aBib chapterwise
650 _aPolitical Geography
942 _hU5, M0/TD
_cGB
_2CC
999 _c583754
_d583754